000 01954nam a22003497a 4500
001 104031
003 KnowledgeUnlatched
005 20210303104953.0
006 m o d
007 cr u||||||||||
008 210129p20192020xxk o u00| u eng d
037 _5BiblioBoard
245 0 0 _aMonstrosity and Philosophy
_bRadical Otherness in Greek and Latin Culture /
_cFilippo Del Lucchese.
020 _a9781474456234
029 1 _ahttps://library.biblioboard.com/ext/api/media/65794357-d9d3-477a-94fb-b692dbd8d09d/assets/thumbnail.jpg
040 _aScCtBLL
_cScCtBLL
100 1 _aDel Lucchese, Filippo
_eauthor.
264 1 _bEdinburgh University Press,
300 _a1 online resource (1 p.)
506 0 _aAccess copy available to the general public.
_fUnrestricted
_2star
520 _aAmazons and giants, snakes and gorgons, centaurs and gryphons: monsters abounded in the ancient world. They raise enduring philosophical questions: about chaos and order; about divinity and perversion; about meaning and purpose; about the hierarchy of nature or its absence. Del Lucchese grapples with the concept of monstrosity, showing how ancient philosophers explored metaphysics, ontology, theology and politics to respond to the challenge of radical otherness in nature and in thought.
588 0 _aDescription based on print version record.
590 _aKU Select 2019: HSS Frontlist Books
650 7 _aPhilosophy / History & Surveys / Ancient & Classical
_2bisacsh
650 0 _aPhilosophy
655 0 _aElectronic books.
758 _iIs found in:
_aKnowledge Unlatched
_1https://openresearchlibrary.org/module/2774bc74-146a-484f-a7ba-ab1d6a09bbfb
856 4 0 _uhttps://openresearchlibrary.org/content/65794357-d9d3-477a-94fb-b692dbd8d09d
_zView this content on Open Research Library.
_70
999 _c33143
_d33143